000
00210nam a22000857a 4500
008
161213b xxu||||| |||| 00| 0 eng d
100
_9
2013
_a
Bhatia.K.
245
_a
Expression in Art
260
_a
New Delhi
_b
N.P.
_c
2009
999
_c
4878
_d
4878